000 00272 a2200097 4500
082 _a625.85 DRU
100 _aDruschner, Lothar
245 _aASPHALT Stone Mastic Asphalt/
_cLothar Druschner
260 _aUSA :
_bAsphalt Institute
_c2005
300 _a31p. :
_bcol, ill. ;
_c20 cm
650 _aMastic Asphalt
999 _c1574
_d1574